000 00932nam a2200241 a 4500
003 BLK
005 20250701104251.0
008 190301b bu ||||| |||| 00| 0 bu d
020 _a9789549287134
040 _aBLK
041 _aBUL
_cBUL
080 _aАнглийска литература
_b821.111
_z821.111-31
100 _9327080
_aШах, Тахир
_eпърви автор
139 _aШах, Тахир
_bШ 42
245 _aЧиракът на магьосника
_bНевероятно пътешествие в света на индийските садху
_cТахир Шах; Прев. Мая Люцканова-Куне
257 _aGBR
260 _9218634
_aСофия
_bБарака
_c2015
300 _a374 с.
_c20 см
380 _aX
700 _9327081
_aЛюцканова-Куне, Мая
_eпрев.
942 _cKNG
_n0
_012
999 _c515923
_d515923
944 _a30545
_cНора Радева
_k30530
_lМинев Младен